00466nam a2200169Ia 4500003000900000008004100009020002200050040001600072080001500088100001800103245007400121250000900195260003900204300001500243650002100258650001700279IN-BaIIA211028s9999 xx 000 0 eng d a978-981-270-645-4 cIIA Library a537.8bHUA aHuang, Kerson 0aFundamental forces of naturebthe story of gauge fieldscKerson Huang arep. aNew JerseybWorld Scientificc2011 axiv, 270p. aElectromagnetism aGauge fields